Países mais livres e os mais censurados na internet - Statistics

Estatísticas Gerais
  • Esse quiz foi jogado 50 vezes
  • A pontuação média é 10 de 20
Estatísticas das Respostas
Países % Correto
Mais censurados Rússia
87%
Mais censurados China
85%
Mais livres Alemanha
78%
Mais livres Canadá
78%
Mais livres Japão
70%
Mais livres Reino Unido
70%
Mais censurados Irã
65%
Mais censurados Arábia Saudita
63%
Mais censurados Cuba
54%
Mais livres Países Baixos
50%
Mais censurados Paquistão
48%
Mais livres Islândia
41%
Mais livres Taiwan
41%
Mais censurados Vietnã
41%
Mais censurados Bielorrússia
33%
Mais livres Chile
28%
Mais livres Estônia
22%
Mais censurados Myanmar
20%
Mais livres Costa Rica
17%
Mais censurados Etiópia
15%
Nenhum quiz correspondente encontrado
Distribuição das Pontuações
Porcentagem de Pessoas com Cada Pontuação
Percentil de Números Respondidos
Sua Pontuação Histórica
Você não jogou esse quiz